[Event "Canada Day op"]
[Site "Toronto CAN"]
[Date "2001.07.01"]
[Round "3"]
[White "Raheb, David"]
[Black "Brice, Ron"]
[Result "1-0"]
[WhiteElo "2237"]
[BlackElo "2098"]
[PlyCount "81"]
[GameId "2160767911564431"]
[EventDate "2001.07.01"]
[EventType "swiss"]
[EventRounds "6"]
[EventCountry "CAN"]
[SourceTitle "EXT 2005"]
[Source "ChessBase"]
[SourceDate "2004.11.15"]
[SourceVersion "1"]
[SourceVersionDate "2004.11.15"]
[SourceQuality "1"]

1. e4 c5 2. Nc3 d6 3. Nf3 Nf6 4. d4 cxd4 5. Nxd4 a6 6. Be2 e5 7. Nb3 Be7 8. O-O O-O 9. Re1 b5 10. Nd5 Bb7 11. Nxf6+ Bxf6 12. Bf3 Qc7 13. a4 Nd7 14. a5 Be7 15. Be3 Rac8 16. Bg4 Rfd8 17. Bb6 Nxb6 18. axb6 Qxb6 19. Bxc8 Bxc8 20. Qd2 Rd7 21. Qe3 Qxe3 22. Rxe3 Rc7 23. c3 Rc6 24. Nc1 Bd8 25. Ne2 a5 26. Rd3 Bb6 27. Rad1 Bc7 28. Ng3 g6 29. Nf1 Ba6 30. b4 a4 31. Ne3 Bc8 32. c4 Ba6 33. Rd5 Rb6 34. c5 dxc5 35. Rxc5 Bd6 36. Rcc1 Bf8 37. Nd5 Rd6 38. Rc7 Kg7 39. Rdc1 Rd8 40. Ra7 Rd6 41. Nc7 1-0

[Event "Canada Day op"]
[Site "Toronto CAN"]
[Date "2001.07.01"]
[Round "3"]
[White "Rolfe, Warrick"]
[Black "Southam, David"]
[Result "0-1"]
[WhiteElo "2075"]
[BlackElo "2094"]
[PlyCount "110"]
[GameId "2160767911564432"]
[EventDate "2001.07.01"]
[EventType "swiss"]
[EventRounds "6"]
[EventCountry "CAN"]
[SourceTitle "EXT 2005"]
[Source "ChessBase"]
[SourceDate "2004.11.15"]
[SourceVersion "1"]
[SourceVersionDate "2004.11.15"]
[SourceQuality "1"]

1. Nf3 d5 2. g3 c6 3. Bg2 Bg4 4. d3 Nd7 5. Nbd2 e6 6. O-O Bd6 7. e4 Ne7 8. Qe1 O-O 9. c4 Nc5 10. e5 Bc7 11. Qe3 Bb6 12. d4 Nd7 13. c5 Bc7 14. b4 b5 15. Bb2 a5 16. a3 Bh5 17. Nh4 Ng6 18. Nxg6 Bxg6 19. f4 f5 20. exf6 Qxf6 21. Rae1 Rfe8 22. Bh3 Nf8 23. Nf3 Bf5 24. Bg2 Be4 25. Ne5 Bxg2 26. Kxg2 Bxe5 27. dxe5 Qg6 28. Rf2 axb4 29. axb4 Ra4 30. Qd4 Re7 31. h3 h5 32. Kh2 Rf7 33. Rg2 Qh7 34. Kg1 Ng6 35. Bc1 Ra8 36. Rf1 Raf8 37. Rgf2 Ne7 38. g4 hxg4 39. hxg4 Qh3 40. Qd1 g5 41. Rh2 Qg3+ 42. Rg2 Qh3 43. Rf3 Qh8 44. Rh2 Rh7 45. Rxh7 Qxh7 46. fxg5 Rxf3 47. Qxf3 Qb1 48. Qc3 d4 49. Qd2 Nd5 50. g6 Ne3 51. Qxd4 Qxc1+ 52. Kf2 Nd5 53. Qd3 Qf4+ 54. Ke2 Qc4 55. Qxc4 bxc4 0-1

[Event "Canada Day op"]
[Site "Toronto CAN"]
[Date "2001.07.01"]
[Round "4"]
[White "Southam, David"]
[Black "Thorvardson, Barry"]
[Result "0-1"]
[WhiteElo "2094"]
[BlackElo "2037"]
[PlyCount "72"]
[GameId "2160767911564433"]
[EventDate "2001.07.01"]
[EventType "swiss"]
[EventRounds "6"]
[EventCountry "CAN"]
[SourceTitle "EXT 2005"]
[Source "ChessBase"]
[SourceDate "2004.11.15"]
[SourceVersion "1"]
[SourceVersionDate "2004.11.15"]
[SourceQuality "1"]

1. d4 Nf6 2. c4 e5 3. dxe5 Ng4 4. e4 Bb4+ 5. Bd2 Bxd2+ 6. Qxd2 Nxe5 7. Nc3 d6 8. f4 Nec6 9. O-O-O O-O 10. h3 a5 11. g4 a4 12. Nf3 Na5 13. f5 Nd7 14. e5 Nc5 15. Kb1 Bd7 16. exd6 Bc6 17. Qf4 cxd6 18. a3 Re8 19. Rh2 Ne4 20. Nxe4 Rxe4 21. Qc1 Nb3 22. Qc3 Qb6 23. Nd2 Re3 24. c5 Qxc5 25. Qxc5 dxc5 26. Nxb3 axb3 27. Rhd2 Kf8 28. Re2 Rae8 29. Rde1 Rxe2 30. Rxe2 Rd8 31. Kc1 Bb5 32. Re1 Bxf1 33. Rxf1 Rd3 34. Rd1 Rxd1+ 35. Kxd1 b5 36. Kd2 Ke7 0-1

[Event "Canada Day op"]
[Site "Toronto CAN"]
[Date "2001.07.02"]
[Round "4"]
[White "Buscar, Michael"]
[Black "Raheb, David"]
[Result "1/2-1/2"]
[WhiteElo "2132"]
[BlackElo "2230"]
[PlyCount "99"]
[GameId "2160767911564434"]
[EventDate "2001.07.01"]
[EventType "swiss"]
[EventRounds "6"]
[EventCountry "CAN"]
[SourceTitle "EXT 2005"]
[Source "ChessBase"]
[SourceDate "2004.11.15"]
[SourceVersion "1"]
[SourceVersionDate "2004.11.15"]
[SourceQuality "1"]

1. d4 Nf6 2. c4 e6 3. Nc3 Bb4 4. Nf3 b6 5. e3 Bb7 6. Bd3 Ne4 7. Qc2 f5 8. O-O Bxc3 9. bxc3 O-O 10. Nd2 Qh4 11. g3 Ng5 12. f3 Qh3 13. Qd1 d6 14. Qe2 Nd7 15. e4 fxe4 16. Nxe4 Nxe4 17. Bxe4 Bxe4 18. Qxe4 Nf6 19. Qe2 Rae8 20. Qg2 Qf5 21. Qd2 e5 22. Ba3 Qd7 23. Qc2 Rf7 24. Rae1 Rfe7 25. Bc1 Qc6 26. Qd3 exd4 27. Rxe7 Rxe7 28. cxd4 d5 29. cxd5 Qxd5 30. Qb3 Re2 31. Rf2 Rxf2 32. Kxf2 Kf7 33. Ke2 Ke6 34. Kd3 a5 35. Bd2 a4 36. Qxd5+ Kxd5 37. Be3 c6 38. Bd2 Nd7 39. g4 b5 40. Bb4 c5 41. dxc5 Ne5+ 42. Ke3 Nc6 43. Bc3 g6 44. f4 Kxc5 45. f5 Kd6 46. fxg6 hxg6 47. g5 b4 48. Bf6 Ne5 49. Kd4 Ng4 50. Kc4 1/2-1/2

[Event "Canada Day op"]
[Site "Toronto CAN"]
[Date "2001.07.02"]
[Round "4"]
[White "Rakhinshteyn, Fima"]
[Black "Bergeron, Florian"]
[Result "0-1"]
[WhiteElo "2255"]
[BlackElo "1978"]
[PlyCount "57"]
[GameId "2160767911564435"]
[EventDate "2001.07.01"]
[EventType "swiss"]
[EventRounds "6"]
[EventCountry "CAN"]
[SourceTitle "EXT 2005"]
[Source "ChessBase"]
[SourceDate "2004.11.15"]
[SourceVersion "1"]
[SourceVersionDate "2004.11.15"]
[SourceQuality "1"]

1. c4 Nf6 2. Nc3 c5 3. Nf3 Nc6 4. d4 cxd4 5. Nxd4 g6 6. e4 Bg7 7. Be3 O-O 8. Be2 d6 9. f3 Bd7 10. Qd2 Nh5 11. Nxc6 bxc6 12. g4 Nf6 13. g5 Ne8 14. h4 Qa5 15. Bd3 Nc7 16. h5 d5 17. exd5 cxd5 18. hxg6 fxg6 19. cxd5 Rxf3 20. Be4 Rxe3+ 21. Qxe3 Rb8 22. O-O-O Qb4 23. Rh2 Bxc3 24. Qxc3 Qxe4 25. Rd4 Qe5 26. Rxh7 Qxg5+ 27. Rd2 Kxh7 28. Kd1 Qg1+ 29. Ke2 0-1

[Event "Canada Day op"]
[Site "Toronto CAN"]
[Date "2001.07.02"]
[Round "5"]
[White "Beaudry, Lukas"]
[Black "Buscar, Michael"]
[Result "1/2-1/2"]
[WhiteElo "1953"]
[BlackElo "2132"]
[PlyCount "98"]
[GameId "2160767911564436"]
[EventDate "2001.07.01"]
[EventType "swiss"]
[EventRounds "6"]
[EventCountry "CAN"]
[SourceTitle "EXT 2005"]
[Source "ChessBase"]
[SourceDate "2004.11.15"]
[SourceVersion "1"]
[SourceVersionDate "2004.11.15"]
[SourceQuality "1"]

1. e4 c5 2. Nf3 Nc6 3. d3 g6 4. g3 Bg7 5. Bg2 e6 6. O-O Nge7 7. Re1 d6 8. c3 O-O 9. Nbd2 Rb8 10. Nb3 b6 11. d4 Qc7 12. d5 exd5 13. exd5 Ne5 14. Nxe5 Bxe5 15. Bh6 Bg7 16. Bxg7 Kxg7 17. Nd2 Ng8 18. Ne4 Bf5 19. g4 Bxe4 20. Bxe4 Rfe8 21. f4 Nf6 22. Bf3 Rxe1+ 23. Qxe1 Re8 24. Qf2 Qe7 25. g5 Ne4 26. Qg2 f5 27. Re1 Kf8 28. h4 Qd7 29. h5 Kf7 30. hxg6+ hxg6 31. Bxe4 Rxe4 32. Rxe4 fxe4 33. Qxe4 Qg4+ 34. Kf2 Qh4+ 35. Ke2 Qg4+ 36. Kd2 b5 37. Kc2 a6 38. b4 c4 39. Kb2 Qf5 40. Qxf5+ gxf5 41. a3 Kg7 42. Kc1 Kf7 43. Kd2 Kg7 44. Ke2 Kf7 45. Kf2 Kg7 46. Kg3 Kf7 47. Kh3 Kg7 48. g6 Kxg6 49. Kg3 Kf6 1/2-1/2

[Event "Canada Day op"]
[Site "Toronto CAN"]
[Date "2001.07.02"]
[Round "5"]
[White "Bergeron, Florian"]
[Black "Dutton, Warren"]
[Result "1/2-1/2"]
[WhiteElo "1978"]
[BlackElo "1899"]
[PlyCount "89"]
[GameId "2160767911564437"]
[EventDate "2001.07.01"]
[EventType "swiss"]
[EventRounds "6"]
[EventCountry "CAN"]
[SourceTitle "EXT 2005"]
[Source "ChessBase"]
[SourceDate "2004.11.15"]
[SourceVersion "1"]
[SourceVersionDate "2004.11.15"]
[SourceQuality "1"]

1. d4 Nf6 2. c4 g6 3. Nc3 Bg7 4. e4 d6 5. f4 O-O 6. Nf3 c5 7. dxc5 Qa5 8. Bd3 Qxc5 9. Qe2 Nc6 10. Be3 Qa5 11. O-O Ng4 12. Bd2 Qb6+ 13. Kh1 Qxb2 14. Rab1 Qa3 15. Rb3 Qc5 16. Rb5 Nd4 17. Nxd4 Qxd4 18. Rd5 Qb6 19. h3 Nf6 20. Rb5 Qc7 21. Nd5 Nxd5 22. cxd5 b6 23. Rc1 Qb7 24. Rb3 Bd7 25. Ba6 Qb8 26. Be3 f5 27. exf5 Bxf5 28. Bd2 Qe8 29. Rc7 Rf7 30. Bb7 Rd8 31. Bc6 Bd7 32. Rxa7 Bxc6 33. dxc6 Qxc6 34. Rxe7 Rxe7 35. Qxe7 Re8 36. Qg5 Kh8 37. Qg3 Re2 38. Be3 b5 39. a4 Bf6 40. Rxb5 Qe4 41. Bf2 Qxa4 42. Rb8+ Re8 43. Rb7 Qd1+ 44. Kh2 Qd5 45. Qb3 1/2-1/2

[Event "Canada Day op"]
[Site "Toronto CAN"]
[Date "2001.07.02"]
[Round "5"]
[White "Southam, David"]
[Black "Haziprodromu, Sam"]
[Result "1-0"]
[WhiteElo "2094"]
[BlackElo "2002"]
[PlyCount "51"]
[GameId "2160767911564438"]
[EventDate "2001.07.01"]
[EventType "swiss"]
[EventRounds "6"]
[EventCountry "CAN"]
[SourceTitle "EXT 2005"]
[Source "ChessBase"]
[SourceDate "2004.11.15"]
[SourceVersion "1"]
[SourceVersionDate "2004.11.15"]
[SourceQuality "1"]

1. e4 e5 2. f4 d5 3. exd5 e4 4. d3 Nf6 5. dxe4 Nxe4 6. Nf3 Bc5 7. Qe2 Qxd5 8. Nfd2 Kd8 9. Nxe4 Re8 10. Nbc3 Bb4 11. Be3 Nd7 12. Kf2 Qf5 13. g4 Qg6 14. Bg2 f5 15. gxf5 Qxf5 16. Rhd1 c6 17. a3 Bf8 18. Nd6 Bxd6 19. Rxd6 Kc7 20. Rad1 Ne5 21. Bf3 Nxf3 22. Qxf3 Qxc2+ 23. R6d2 Qf5 24. Bd4 Be6 25. Be5+ Kc8 26. Ne4 1-0

[Event "Canada Day op"]
[Site "Toronto CAN"]
[Date "2001.07.02"]
[Round "5"]
[White "Thorvardson, Barry"]
[Black "Raheb, David"]
[Result "0-1"]
[WhiteElo "2027"]
[BlackElo "2230"]
[PlyCount "65"]
[GameId "2160767911564439"]
[EventDate "2001.07.01"]
[EventType "swiss"]
[EventRounds "6"]
[EventCountry "CAN"]
[SourceTitle "EXT 2005"]
[Source "ChessBase"]
[SourceDate "2004.11.15"]
[SourceVersion "1"]
[SourceVersionDate "2004.11.15"]
[SourceQuality "1"]

1. e4 c5 2. Nf3 d6 3. d4 cxd4 4. Nxd4 Nf6 5. f3 e5 6. Nb3 d5 7. exd5 Qxd5 8. Qxd5 Nxd5 9. Bb5+ Bd7 10. Bxd7+ Nxd7 11. a3 Rc8 12. c3 Nc5 13. Nxc5 Bxc5 14. Ke2 O-O 15. g3 f5 16. Rd1 Nf6 17. Bg5 e4 18. Bxf6 Rxf6 19. Nd2 Rh6 20. Rh1 exf3+ 21. Kxf3 Rd6 22. Nb3 Rd3+ 23. Kf4 g6 24. Nxc5 Rxc5 25. Rhe1 Kf7 26. Rad1 Rcd5 27. Rxd3 Rxd3 28. Re5 Kf6 29. h4 h6 30. Re3 Rd2 31. b4 g5+ 32. hxg5+ hxg5+ 33. Kf3 0-1

[Event "Canada Day op U1600"]
[Site "Toronto CAN"]
[Date "2001.07.02"]
[Round "5"]
[White "Manalo, Richard"]
[Black "Geley, Shawn"]
[Result "0-1"]
[WhiteElo "1340"]
[BlackElo "1484"]
[PlyCount "101"]
[GameId "2160767911564445"]
[EventDate "2001.06.30"]
[EventType "swiss"]
[EventRounds "5"]
[EventCountry "CAN"]
[SourceTitle "EXT 2005"]
[Source "ChessBase"]
[SourceDate "2004.11.15"]
[SourceVersion "1"]
[SourceVersionDate "2004.11.15"]
[SourceQuality "1"]

1. e4 c5 2. Nf3 d6 3. c3 g6 4. d4 cxd4 5. cxd4 Bg7 6. Bc4 Nf6 7. Nc3 O-O 8. O-O Qc7 9. Bb3 Bd7 10. Bg5 h6 11. Bh4 Nc6 12. Rc1 Qa5 13. a3 e6 14. Re1 Qb6 15. Qd2 Qxb3 16. Rcd1 Kh7 17. h3 Na5 18. Re2 Rac8 19. e5 Nc4 20. Qc1 Nd5 21. Rc2 Nxc3 22. Rxc3 Qxb2 23. Rxc4 Qxc1 24. Rcxc1 Rxc1 25. Rxc1 Rc8 26. Rxc8 Bxc8 27. exd6 f5 28. Be7 Bd7 29. Ne5 Bxe5 30. dxe5 b5 31. Kf1 a5 32. Ke2 g5 33. Kd3 Kg6 34. h4 g4 35. g3 h5 36. Kd4 Kf7 37. Kc5 a4 38. Kb6 b4 39. Bg5 bxa3 40. Bc1 a2 41. Bb2 a3 42. Ba1 Ke8 43. Ka5 Bc6 44. Kb4 Kd7 45. Kxa3 Bd5 46. Kb4 Be4 47. Kc3 Kc6 48. Kd4 Bc2 49. Kc3 Ba4 50. Kb2 Kd7 51. Ka3 0-1

[Event "Canada Day op U2000"]
[Site "Toronto CAN"]
[Date "2001.06.30"]
[Round "1"]
[White "Lukasek, Ladislav"]
[Black "Nemati, Omid"]
[Result "1-0"]
[WhiteElo "1635"]
[BlackElo "1831"]
[PlyCount "55"]
[GameId "2160767911564446"]
[EventDate "2001.06.30"]
[EventType "swiss"]
[EventRounds "5"]
[EventCountry "CAN"]
[SourceTitle "EXT 2005"]
[Source "ChessBase"]
[SourceDate "2004.11.15"]
[SourceVersion "1"]
[SourceVersionDate "2004.11.15"]
[SourceQuality "1"]

1. d4 Nf6 2. Nf3 e6 3. Bf4 c5 4. c3 cxd4 5. cxd4 d5 6. Nbd2 Nh5 7. Bg3 Nxg3 8. hxg3 Nd7 9. e3 Qa5 10. a3 Bd6 11. Bd3 h6 12. b4 Qb6 13. e4 dxe4 14. Nxe4 Be7 15. O-O Nf6 16. Qe2 Bd7 17. Ne5 Ba4 18. Nc5 Bxc5 19. dxc5 Qc7 20. Bb5+ Bxb5 21. Qxb5+ Nd7 22. Rad1 Rd8 23. Rxd7 Rxd7 24. Rd1 O-O 25. Nxd7 Rd8 26. Rd6 f6 27. Qd3 a6 28. Nxf6+ 1-0

[Event "Canada Day op U2000"]
[Site "Toronto CAN"]
[Date "2001.06.30"]
[Round "2"]
[White "Henderson, Fred"]
[Black "Lukasek, Ladislav"]
[Result "1/2-1/2"]
[WhiteElo "1882"]
[BlackElo "1635"]
[PlyCount "74"]
[GameId "2160767911564447"]
[EventDate "2001.06.30"]
[EventType "swiss"]
[EventRounds "5"]
[EventCountry "CAN"]
[SourceTitle "EXT 2005"]
[Source "ChessBase"]
[SourceDate "2004.11.15"]
[SourceVersion "1"]
[SourceVersionDate "2004.11.15"]
[SourceQuality "1"]

1. Nf3 d5 2. d4 Nf6 3. e3 Bf5 4. c4 c6 5. cxd5 cxd5 6. Qb3 Qc7 7. Nc3 e6 8. Bb5+ Nbd7 9. O-O a6 10. Be2 Bd6 11. Bd2 b5 12. Rfc1 Qb8 13. Qd1 Ne4 14. h3 Ndf6 15. Nxe4 Nxe4 16. Qf1 O-O 17. a4 bxa4 18. Rxa4 Qxb2 19. Ba5 Rfc8 20. Rb1 Qc2 21. Raa1 Nc3 22. Bxc3 Qxc3 23. Rc1 Qb2 24. Rxc8+ Rxc8 25. Rxa6 Rc1 26. Ra8+ Bf8 27. Bd1 Bc2 28. Qa6 Rxd1+ 29. Kh2 Qb4 30. Ne5 Qe7 31. Qc6 Be4 32. Nd7 g6 33. Rxf8+ Kg7 34. Qc8 Qd6+ 35. f4 Rd2 36. Rg8+ Kh6 37. Qd8 Rxg2+ 1/2-1/2

[Event "Canada Day op U2000"]
[Site "Toronto CAN"]
[Date "2001.07.01"]
[Round "3"]
[White "Lancia, Nicholas"]
[Black "Gebhardt, David"]
[Result "1-0"]
[WhiteElo "1767"]
[BlackElo "1822"]
[PlyCount "89"]
[GameId "2160767911564448"]
[EventDate "2001.06.30"]
[EventType "swiss"]
[EventRounds "5"]
[EventCountry "CAN"]
[SourceTitle "EXT 2005"]
[Source "ChessBase"]
[SourceDate "2004.11.15"]
[SourceVersion "1"]
[SourceVersionDate "2004.11.15"]
[SourceQuality "1"]

1. e4 c6 2. d3 d5 3. Nd2 e5 4. g3 Nf6 5. Bg2 d4 6. Nc4 Nbd7 7. Nf3 Qc7 8. Bg5 Bb4+ 9. Bd2 Bxd2+ 10. Qxd2 b5 11. Na5 c5 12. a4 a6 13. axb5 axb5 14. O-O O-O 15. Nb3 Bb7 16. Rfb1 c4 17. Nc1 Nc5 18. Nh4 Na4 19. Nf5 h6 20. Qb4 cxd3 21. cxd3 Qc2 22. h3 Bc6 23. Ne7+ Kh8 24. Nxc6 Qxc6 25. Nb3 Qc2 26. Nxd4 Qxd3 27. Rd1 Qc4 28. Rxa4 exd4 29. Qxc4 bxc4 30. Rxa8 Rxa8 31. e5 Rb8 32. exf6 d3 33. Bd5 Rxb2 34. Bxc4 d2 35. Bxf7 gxf6 36. Bh5 Rc2 37. Kf1 Kg7 38. Ke2 Rc5 39. Bf3 Rf5 40. Rxd2 Kf7 41. Rd7+ Kg8 42. Ke3 Ra5 43. Kf4 Kf8 44. Rh7 Ra4+ 45. Be4 1-0

[Event "Canada Day op U2000"]
[Site "Toronto CAN"]
[Date "2001.07.02"]
[Round "5"]
[White "Thorvardson, Craig"]
[Black "Gebhardt, David"]
[Result "1-0"]
[WhiteElo "1737"]
[BlackElo "1822"]
[PlyCount "100"]
[GameId "2160767911564450"]
[EventDate "2001.06.30"]
[EventType "swiss"]
[EventRounds "5"]
[EventCountry "CAN"]
[SourceTitle "EXT 2005"]
[Source "ChessBase"]
[SourceDate "2004.11.15"]
[SourceVersion "1"]
[SourceVersionDate "2004.11.15"]
[SourceQuality "1"]

1. e4 e5 2. Nf3 Nf6 3. Nxe5 d6 4. Nf3 Nxe4 5. Bc4 d5 6. Bb3 Bg4 7. h3 Bh5 8. d3 Nf6 9. O-O Be7 10. Re1 O-O 11. Nc3 c6 12. g4 Nxg4 13. hxg4 Bxg4 14. d4 Qd7 15. Qd3 f6 16. Qe4 Bd6 17. Nxd5 cxd5 18. Bxd5+ Kh8 19. Bxb7 Bf5 20. Qd5 Bh3 21. Re4 Bg4 22. Rxg4 Qxg4+ 23. Kf1 Bb4 24. c3 Qh3+ 25. Ke2 Qh1 26. cxb4 Re8+ 27. Kd2 Qf1 28. Bxa8 Qe2+ 29. Kc3 Rc8+ 30. Kb3 Qd3+ 31. Ka4 Nd7 32. Ka5 Nb6 33. Qb5 Nc4+ 34. Ka6 Rxa8 35. b3 Qxf3 36. bxc4 Qc3 37. Qc6 Rd8 38. Be3 Qxa1 39. a4 Qa3 40. Qb5 Qd3 41. c5 Qf5 42. c6 Qc8+ 43. Qb7 Qe6 44. Kxa7 h5 45. c7 Rc8 46. Qb8 h4 47. Kb7 g5 48. Qxc8+ Qxc8+ 49. Kxc8 h3 50. Kb7 h2 1-0

[Event "Carnaval"]
[Site "Quebec CAN"]
[Date "2001.02.09"]
[Round "1"]
[White "Beaulieu, Eric"]
[Black "Marcone, Malcom"]
[Result "1-0"]
[WhiteElo "2207"]
[BlackElo "1963"]
[PlyCount "97"]
[GameId "2160767911610466"]
[EventDate "2001.02.09"]
[EventType "swiss"]
[EventRounds "5"]
[EventCountry "CAN"]
[SourceTitle "EXT 2005"]
[Source "ChessBase"]
[SourceDate "2004.11.15"]
[SourceVersion "1"]
[SourceVersionDate "2004.11.15"]
[SourceQuality "1"]

1. d4 e6 2. c4 f5 3. Nc3 Nf6 4. g3 Be7 5. Bg2 O-O 6. Nh3 d6 7. O-O c6 8. e4 fxe4 9. Nxe4 d5 10. Neg5 dxc4 11. Nf4 Qd6 12. Re1 e5 13. dxe5 Qxd1 14. Rxd1 Ng4 15. Nge6 g5 16. Nc7 gxf4 17. Bxf4 Na6 18. Nxa8 Bc5 19. Rd2 Bf5 20. h3 Nxf2 21. Rxf2 Rxa8 22. g4 Be6 23. a3 Rd8 24. Raf1 Nc7 25. Bg5 Rd7 26. Kh2 Bxf2 27. Rxf2 Nd5 28. Be4 b5 29. Bf5 Nc7 30. Bh6 Rf7 31. Rd2 Bd5 32. e6 Re7 33. Bg5 Rxe6 34. Bxe6+ Nxe6 35. Be3 a5 36. Bb6 a4 37. Be3 Kf7 38. h4 b4 39. axb4 c3 40. bxc3 a3 41. c4 Bxc4 42. Rd7+ Kg8 43. Kg3 a2 44. Ra7 Nc7 45. Bd4 Nd5 46. Rg7+ Kf8 47. Rb7 Ba6 48. Rxh7 Nxb4 49. Ra7 1-0

[Event "Carnaval"]
[Site "Quebec CAN"]
[Date "2001.02.09"]
[Round "1"]
[White "Gaspariants, Vladimir"]
[Black "Angers, Gilles"]
[Result "1-0"]
[WhiteElo "2225"]
[BlackElo "2007"]
[PlyCount "63"]
[GameId "2160767911610467"]
[EventDate "2001.02.09"]
[EventType "swiss"]
[EventRounds "5"]
[EventCountry "CAN"]
[SourceTitle "EXT 2005"]
[Source "ChessBase"]
[SourceDate "2004.11.15"]
[SourceVersion "1"]
[SourceVersionDate "2004.11.15"]
[SourceQuality "1"]

1. Nf3 Nf6 2. g3 g6 3. Bg2 Bg7 4. O-O O-O 5. d3 c5 6. Nbd2 Nc6 7. c3 d5 8. Qc2 b6 9. Rb1 Bb7 10. b4 cxb4 11. cxb4 Rc8 12. Qa4 d4 13. b5 Na5 14. Nxd4 Bxg2 15. Kxg2 Nd5 16. Bb2 Nc3 17. Bxc3 Rxc3 18. N4f3 Qc7 19. h4 Rc8 20. h5 Rc2 21. hxg6 hxg6 22. Rh1 Qb7 23. Qf4 Rxa2 24. Rbc1 Rac2 25. Rxc2 Rxc2 26. e4 Qc7 27. e5 Qc3 28. d4 Qd3 29. e6 f5 30. Qb8+ Bf8 31. Rh8+ Kxh8 32. Qxf8+ 1-0

[Event "Carnaval"]
[Site "Quebec CAN"]
[Date "2001.02.09"]
[Round "1"]
[White "Papineau (Granby), Daniel"]
[Black "St Amand, Paul Jr"]
[Result "1/2-1/2"]
[WhiteElo "1918"]
[BlackElo "2167"]
[PlyCount "69"]
[GameId "2160767911610469"]
[EventDate "2001.02.09"]
[EventType "swiss"]
[EventRounds "5"]
[EventCountry "CAN"]

1. e4 c5 2. Nc3 Nc6 3. g3 g6 4. Bg2 Bg7 5. d3 d6 6. Be3 e5 7. Nge2 Nge7 8. O-O Nd4 9. f4 O-O 10. h3 Rb8 11. Qd2 b5 12. Nd1 Be6 13. Kh2 Nxe2 14. Qxe2 Qc7 15. c3 b4 16. c4 f5 17. Rc1 Rbe8 18. Kh1 Nc6 19. Nf2 Nd4 20. Bxd4 exd4 21. Qd2 Kh8 22. Rfe1 Re7 23. Re2 Rfe8 24. Rce1 Qd7 25. Kh2 Bf6 26. b3 a5 27. h4 h6 28. Rh1 Rh7 29. Kg1 Rhe7 30. Kh2 Rh7 31. Kg1 Rhe7 32. Kh2 Rg8 33. Bf3 Rh7 34. Rhe1 Re7 35. Rh1 1/2-1/2

[Event "Carnaval"]
[Site "Quebec CAN"]
[Date "2001.02.09"]
[Round "1"]
[White "Pnevmonidis, Pantelis"]
[Black "Lessard, Claude"]
[Result "1-0"]
[WhiteElo "2166"]
[BlackElo "1944"]
[PlyCount "73"]
[GameId "2160767911610470"]
[EventDate "2001.02.09"]
[EventType "swiss"]
[EventRounds "5"]
[EventCountry "CAN"]
[SourceTitle "EXT 2005"]
[Source "ChessBase"]
[SourceDate "2004.11.15"]
[SourceVersion "1"]
[SourceVersionDate "2004.11.15"]
[SourceQuality "1"]

1. d4 Nf6 2. c4 c5 3. d5 e6 4. Nc3 g6 5. e4 e5 6. Nf3 d6 7. Be2 Bg7 8. O-O O-O 9. Rb1 Na6 10. Ne1 Nc7 11. Nd3 Qe8 12. f3 a6 13. b4 b6 14. bxc5 bxc5 15. Rb6 Qd8 16. Rb3 Nb5 17. cxb5 c4 18. Ra3 cxd3 19. Qxd3 Nh5 20. Be3 Nf4 21. Qd2 Qg5 22. g3 Bh3 23. Rf2 Bh6 24. Kh1 axb5 25. Rxa8 Rxa8 26. gxf4 Qh4 27. Bf1 b4 28. Ne2 b3 29. Nc1 bxa2 30. Nxa2 Bxf1 31. Rxf1 Qh3 32. Kg1 Ra3 33. Nc3 Bxf4 34. Bxf4 exf4 35. Qb2 Ra5 36. Qb8+ Kg7 37. Qxd6 1-0

[Event "Carnaval"]
[Site "Quebec CAN"]
[Date "2001.02.09"]
[Round "1"]
[White "Rouleau, Paul"]
[Black "Larochelle, Martial"]
[Result "1-0"]
[WhiteElo "1889"]
[BlackElo "2159"]
[PlyCount "109"]
[GameId "2160767911610471"]
[EventDate "2001.02.09"]
[EventType "swiss"]
[EventRounds "5"]
[EventCountry "CAN"]
[SourceTitle "EXT 2005"]
[Source "ChessBase"]
[SourceDate "2004.11.15"]
[SourceVersion "1"]
[SourceVersionDate "2004.11.15"]
[SourceQuality "1"]

1. e4 e6 2. d4 d5 3. exd5 exd5 4. c4 Nf6 5. Nc3 Be7 6. Nf3 O-O 7. Bd3 dxc4 8. Bxc4 Bg4 9. Be3 Nbd7 10. O-O Nb6 11. Bb3 Nbd5 12. Bg5 c6 13. a3 Re8 14. Qd3 h6 15. Bd2 Bd6 16. Nxd5 cxd5 17. h3 Bh5 18. Ne5 Bxe5 19. dxe5 Rxe5 20. Qg3 Re6 21. Bxh6 Bg6 22. Bg5 Ne4 23. Bxd8 Nxg3 24. fxg3 Rxd8 25. Rad1 Be4 26. Rfe1 Rc8 27. Rd2 Rb6 28. Re3 Rc5 29. Ba4 Rc1+ 30. Kh2 Rf6 31. g4 g6 32. Bb5 Rb6 33. Ba4 Rb1 34. Rb3 Rxb3 35. Bxb3 d4 36. Ba2 Re1 37. Bc4 Bc6 38. Rxd4 b5 39. Bd5 Be8 40. Re4 Rxe4 41. Bxe4 f6 42. Kg3 Kf7 43. Kf4 Ke6 44. h4 Bf7 45. b4 Be8 46. g3 Kd6 47. g5 Ke6 48. gxf6 Kxf6 49. Bd5 Bd7 50. g4 Be8 51. g5+ Ke7 52. Ke5 Bd7 53. Be4 Be8 54. Bd3 a6 55. Be4 1-0

[Event "Carnaval"]
[Site "Quebec CAN"]
[Date "2001.02.10"]
[Round "2"]
[White "Belanger, Jacques"]
[Black "Gaspariants, Vladimir"]
[Result "0-1"]
[WhiteElo "2055"]
[BlackElo "2225"]
[PlyCount "88"]
[GameId "2160767911610472"]
[EventDate "2001.02.09"]
[EventType "swiss"]
[EventRounds "5"]
[EventCountry "CAN"]
[SourceTitle "EXT 2005"]
[Source "ChessBase"]
[SourceDate "2004.11.15"]
[SourceVersion "1"]
[SourceVersionDate "2004.11.15"]
[SourceQuality "1"]

1. e4 e5 2. Nf3 Nc6 3. Bb5 a6 4. Ba4 Nf6 5. O-O Be7 6. Re1 b5 7. Bb3 d6 8. c3 O-O 9. h3 Na5 10. Bc2 c5 11. d4 Qc7 12. Nbd2 Nc6 13. dxc5 dxc5 14. Nf1 Rd8 15. Qe2 g6 16. Bg5 Nh5 17. Bh6 Bf8 18. Qe3 Bd6 19. a4 Rb8 20. axb5 Rxb5 21. Bd3 Rxb2 22. Bxa6 Na5 23. Bxc8 Rxc8 24. Qc1 Rb7 25. Qa3 Nc4 26. Qa6 Nb2 27. Ne3 Rb6 28. Qa5 Qb7 29. Nd5 Rb5 30. Qa7 Qxa7 31. Rxa7 Nd3 32. Rd1 c4 33. g4 Rxd5 34. exd5 Bc5 35. Rb7 Nxf2 36. Rdb1 Nxg4+ 37. Kg2 Nxh6 38. Nxe5 Bd6 39. Nc6 Nf4+ 40. Kf3 Nf5 41. Na7 Re8 42. Rd7 Re3+ 43. Kf2 Re2+ 44. Kf3 Nh4+ 0-1

[Event "Carnaval"]
[Site "Quebec CAN"]
[Date "2001.02.10"]
[Round "2"]
[White "Bourassa, Andre"]
[Black "Filiatrault, Alexandre"]
[Result "1-0"]
[WhiteElo "1549"]
[BlackElo "1790"]
[PlyCount "81"]
[GameId "2160767911610473"]
[EventDate "2001.02.09"]
[EventType "swiss"]
[EventRounds "5"]
[EventCountry "CAN"]

1. d4 Nf6 2. c4 g6 3. Nc3 Bg7 4. e4 d6 5. f3 O-O 6. Be3 e5 7. Qd2 a6 8. O-O-O exd4 9. Bxd4 Nc6 10. Be3 Re8 11. Nge2 b5 12. c5 dxc5 13. Qxd8 Rxd8 14. Rxd8+ Nxd8 15. Bxc5 Nb7 16. Be3 Be6 17. Nf4 b4 18. Nxe6 fxe6 19. Na4 Kf7 20. Be2 a5 21. Rd1 Bf8 22. Kb1 Be7 23. Rc1 Bd6 24. h3 Nh5 25. Nc5 Nxc5 26. Bxc5 Bxc5 27. Rxc5 Ra7 28. Kc2 Nf6 29. Bb5 Ke7 30. Kb3 Nd7 31. Bxd7 Kxd7 32. Ka4 Kd6 33. Rxa5 Rxa5+ 34. Kxa5 c5 35. Kb5 h5 36. a4 bxa3 37. bxa3 h4 38. a4 g5 39. a5 c4 40. Kxc4 Kc6 41. Kd4 1-0